Altar fires of faith, (Record no. 7575)
[ view plain ]
| 000 -LEADER | |
|---|---|
| fixed length control field | 00690cam a2200241u 4500 |
| 001 - CONTROL NUMBER | |
| control field | 5987073 |
| 003 - CONTROL NUMBER IDENTIFIER | |
| control field | GBCCL |
| 005 - DATE AND TIME OF LATEST TRANSACTION | |
| control field | 20241126110631.0 |
| 008 - FIXED-LENGTH DATA ELEMENTS--GENERAL INFORMATION | |
| fixed length control field | 810114s1943 ohu 000 0 eng |
| 010 ## - | |
| -- | 43015978 |
| 040 ## - CATALOGING SOURCE | |
| Original cataloging agency | DLC |
| Transcribing agency | CarP |
| Modifying agency | DLC |
| 050 00 - | |
| -- | BV4832 |
| -- | .H87 |
| 082 ## - DEWEY DECIMAL CLASSIFICATION NUMBER | |
| Classification number | 242 |
| Item number | HUN |
| 100 1# - MAIN ENTRY--PERSONAL NAME | |
| Personal name | Hunley, J. B. |
| Fuller form of name | (John Bunyan), |
| Dates associated with a name | 1881-1959. |
| 9 (RLIN) | 13381 |
| 245 10 - TITLE STATEMENT | |
| Title | Altar fires of faith, |
| 260 ## - PUBLICATION, DISTRIBUTION, ETC. | |
| Place of publication, distribution, etc. | Cincinnati, Ohio, |
| Name of publisher, distributor, etc. | The Standard publishing company |
| Date of publication, distribution, etc. | [1943] |
| 300 ## - PHYSICAL DESCRIPTION | |
| Extent | p. cm. |
| 650 #0 - SUBJECT ADDED ENTRY--TOPICAL TERM | |
| Topical term or geographic name entry element | Devotional exercises. |
| 9 (RLIN) | 446 |
| 650 #0 - SUBJECT ADDED ENTRY--TOPICAL TERM | |
| Topical term or geographic name entry element | Calendars. |
| 9 (RLIN) | 8904 |
| 906 ## - LOCAL DATA ELEMENT F, LDF (RLIN) | |
| a | 0 |
| b | cbc |
| c | premunv |
| d | u |
| e | ncip |
| f | 19 |
| g | y-gencatlg |
| 942 ## - ADDED ENTRY ELEMENTS (KOHA) | |
| Source of classification or shelving scheme | Dewey Decimal Classification |
| Koha item type | Books |
| Withdrawn status | Lost status | Source of classification or shelving scheme | Damaged status | Not for loan | Home library | Current Library | Shelving location | Date acquired | Total checkouts | Full call number | Barcode | Date last seen | Copy number | Price effective from | Koha item type |
|---|---|---|---|---|---|---|---|---|---|---|---|---|---|---|---|
| Dewey Decimal Classification | GRACE BIBLE COLLEGE | GRACE BIBLE COLLEGE | Ministry & Mission | 2018-08-27 | 242 HUN | 002883 | 2025-05-01 | c.1 | 2018-08-27 | Books |